Уинстон Черчилль. Интеллектуальный портрет

Detaylı Bibliyografya
Yazar: Шестаков В. П. Вячеслав Павлович
Özet:Книга посвящена малоизвестным сторонам деятельности Уинстона Черчилля, его интеллектуальным занятиям — литературой, чтением, исто­рией, живописью, ораторским искусством. Это объясняет, почему в Вели­кобритании Черчилль считается лучшим англичанином всех времен.Книга адресована широкому кругу читателей.
Dil:Rusça
Baskı/Yayın Bilgisi: Москва, Форум, 2015
Konular:
Materyal Türü: MixedMaterials Kitap
KOHA link:https://koha.lib.tpu.ru/cgi-bin/koha/opac-detail.pl?biblionumber=282631

MARC

LEADER 00000nam0a2200000 4500
001 282631
005 20231101235521.0
010 |a 9785911345518 
035 |a (RuTPU)RU\TPU\book\306568 
090 |a 282631 
100 |a 20150202d2015 km y0rusy50 ca 
101 0 |a rus 
102 |a RU 
105 |a a z 001zy 
200 1 |a Уинстон Черчилль. Интеллектуальный портрет  |f В. П. Шестаков 
210 |a Москва  |c Форум  |d 2015 
215 |a 208 с.  |c ил. 
320 |a Библиогр.: с. 203-206. 
330 |a Книга посвящена малоизвестным сторонам деятельности Уинстона Черчилля, его интеллектуальным занятиям — литературой, чтением, исто­рией, живописью, ораторским искусством. Это объясняет, почему в Вели­кобритании Черчилль считается лучшим англичанином всех времен.Книга адресована широкому кругу читателей. 
600 1 |a Черчилль  |g Уинстон Леонард Спенсер  |c премьер-министр Великобритании  |f 1874-1965  |b У. Л. С.  |2 stltpush  |3 (RuTPU)RU\TPU\pers\665 
600 1 |a Гитлер  |g Адольф  |b А.  |c настоящая фамилия Шикльгрубер  |f 1889-1945  |c фюрер Национал-социалистической партии Германии  |c глава германского фашистского государства  |2 stltpush  |3 (RuTPU)RU\TPU\pers\956 
600 1 |a Сталин  |g Иосиф Виссарионович  |b И. В.  |f 1878-1953  |c российский политический и государственный деятель  |c Генеральный секретарь ЦК КПСС  |c настоящая фамилия Джугашвилли  |c псевдоним Коба  |2 stltpush  |3 (RuTPU)RU\TPU\pers\1058 
606 1 |a Великобритания  |x История  |z 20 в.  |2 stltpush  |3 (RuTPU)RU\TPU\subj\73232  |9 86354 
610 1 |a политические деятели 
610 1 |a Англия 
610 1 |a персоналии 
610 1 |a биографии 
610 1 |a международные отношения 
686 |a Т3(4Вел)6  |v LBC/SL-A  |2 rubbk 
700 1 |a Шестаков  |b В. П.  |g Вячеслав Павлович 
801 1 |a RU  |b 63413507  |c 20150202 
801 2 |a RU  |b 63413507  |c 20150313  |g RCR 
942 |c BK 
959 |a 10/20150202  |d 1  |e 199,90  |f ЧЗГЛ:1